00827nam a22002297a 450000500170000000800410001701000130005802000300007103500130010103700150011404000180012908200060014710000290015324500680018226000380025027000740028830000280036249000210039094200200041199900170043195201490044820090922162933.0090922t xxu||||| |||| 00| 0 eng d aB-358165 a8183411355c100.00 (app.) aB-358165 bDBAD / PUB adplbEnglish  aS aDoyle, Sir Arthur Canan  aThe adventures of Sherlock Holmes /cby Sir Arthur Canan Doyle  aDelhi bRohan Book Company c2004 aG-22, Indraprastha Apptt. Patpar Ganj, Plot No. 114, bDelhi e110092 a328p.bill. c20cm(Hb)  aClassic library  2ddccCHhSmDOY c30606d30606 00102ddc40708FICaJPbJPd2009-09-22eDBAD / PUBg100.00l23m3oS DOYpB-358165r2026-06-06 15:40:21s2026-05-23t1v100.00w2009-09-22yCH